Loading...
| Literature - European | 3 | 7 | 0 | 0 | 115 | 55 | 106.00 | 7 | 10 | 0.00 | 0.00 |
| Literature - British | 2 | 3 | 0 | 1 | 60 | 51 | 109.80 | 3 | 5 | 0.00 | 0.00 |
| Literature - World | 2 | 2 | 0 | 1 | 50 | 77 | 111.75 | 2 | 4 | 0.00 | 0.00 |
| Social Science | 1 | 2 | 0 | 0 | 35 | 66 | 81.00 | 2 | 3 | 0.00 | 0.00 |
| Fine Arts - Other | 0 | 2 | 0 | 0 | 20 | 122 | 130.50 | 1 | 2 | 0.00 | 0.00 |
| Literature - American | 1 | 1 | 1 | 0 | 20 | 54 | 76.50 | 2 | 2 | 0.00 | 0.00 |
| Philosophy | 0 | 2 | 0 | 0 | 20 | 111 | 120.00 | 0 | 2 | 0.00 | 0.00 |
| Science - Physics | 0 | 2 | 0 | 1 | 20 | 93 | 116.50 | 0 | 2 | 0.00 | 0.00 |
| History - American | 0 | 1 | 0 | 0 | 10 | 117 | 117.00 | 0 | 1 | 0.00 | 0.00 |
| Science - Biology | 0 | 1 | 0 | 1 | 10 | 136 | 136.00 | 0 | 1 | 0.00 | 0.00 |
| Science - Chemistry | 0 | 1 | 0 | 0 | 10 | 111 | 111.00 | 0 | 1 | 0.00 | 0.00 |
| History - Ancient/Other | 0 | 1 | 0 | 1 | 10 | 153 | 153.00 | 0 | 1 | 0.00 | 0.00 |
| History - World | 0 | 1 | 0 | 1 | 10 | 131 | 131.00 | 1 | 1 | 0.00 | 0.00 |
| Religion | 0 | 1 | 0 | 0 | 10 | 113 | 113.00 | 1 | 1 | 0.00 | 0.00 |
| Other Academic | 0 | 0 | 1 | 0 | -5 | 0.00 | 0 | 0 | 0.00 | 0.00 | |
| Science - Other | 0 | 0 | 1 | 0 | -5 | 0.00 | 0 | 0 | 0.00 | 0.00 | |
| Fine Arts - Visual | 0 | 0 | 1 | 0 | -5 | 0.00 | 0 | 0 | 0.00 | 0.00 |